Mexico : the next step.
| Format: | Book |
|---|---|
| Published: |
London:
Euromoney,
1995.
|
| Subjects: |
| LEADER | 00424cam a2200157 7i4500 | ||
|---|---|---|---|
| 001 | 0000004177 | ||
| 005 | 19991025090000.0 | ||
| 002 | ##000005635 | ||
| 020 | 0 | 0 | |a 1-85564-340-5 |
| 090 | 0 | 0 | |a MEXC 330.9 |b MEX |
| 245 | 1 | 0 | |a Mexico : |b the next step. |
| 260 | 0 | 0 | |a London: |b Euromoney, |c 1995. |
| 300 | 0 | 0 | |a 173 p.. |
| 650 | 0 | 0 | |a Economic conditions -- |z Mexico |
| 651 | 0 | 0 | |a Mexico |
| 999 | |a 0000006852 |b Book |c Open shelf |e Business Information Centre | ||


